All NCAA D1 Basketball Teams - Statistics

General Stats
  • This quiz has been taken 76 times
    23 since last reset
  • The average score is 197 of 365
Answer Stats
Conference School % Correct
ACC Duke
95%
SEC Florida
95%
Atlantic 10 George Washington
95%
Big Ten Michigan
95%
Big Sky Montana
95%
ACC North Carolina
95%
SEC Alabama
89%
Big 12 Arizona
89%
ACC Clemson
89%
Big 12 Colorado
89%
SEC Georgia
89%
Ivy Harvard
89%
Big Sky Idaho
89%
Big Ten Iowa
89%
Big Ten Oregon
89%
WCC Saint Mary's
89%
ACC Stanford
89%
SEC Texas
89%
SEC Texas A&M
89%
Big Ten Washington
89%
Ivy Yale
89%
Big 12 Arizona St
84%
Ivy Columbia
84%
Ivy Dartmouth
84%
ACC Florida St
84%
Big Ten Illinois
84%
Big 12 Iowa St
84%
SEC LSU
84%
ACC Miami
84%
Big Ten Michigan St
84%
Big Ten Nebraska
84%
MAC Ohio
84%
Big Ten Ohio St
84%
WCC Oregon St
84%
Ivy Penn
84%
Ivy Princeton
84%
SEC South Carolina
84%
Big 12 TCU
84%
SEC Tennessee
84%
Big East UConn
84%
Big 12 Utah
84%
ACC Virginia
84%
Big Ten Wisconsin
84%
SEC Arkansas
79%
Big 12 Baylor
79%
Ivy Brown
79%
Big 12 BYU
79%
ACC California
79%
Ivy Cornell
79%
WCC Gonzaga
79%
Big West Hawaii
79%
Big 12 Houston
79%
Big Sky Idaho St
79%
Big Ten Indiana
79%
SEC Kentucky
79%
America East Maine
79%
Big Ten Maryland
79%
Big Ten Minnesota
79%
ACC NC State
79%
Mountain West Nevada
79%
Summit League North Dakota
79%
SEC Oklahoma
79%
SEC Ole Miss
79%
Big Ten Purdue
79%
Atlantic 10 Saint Louis
79%
C-USA Sam Houston
79%
SWAC Southern
79%
Big East St. John's
79%
Ohio Valley Tennessee St
79%
Big 12 Texas Tech
79%
Big Ten UCLA
79%
Atlantic 10 VCU
79%
ACC Virginia Tech
79%
ACC Wake Forest
79%
Mountain West Wyoming
79%
Mountain West Air Force
74%
Patriot League Army
74%
Mountain West Colorado St
74%
Big East Georgetown
74%
ACC Georgia Tech
74%
Big South High Point
74%
Big 12 Kansas
74%
Sun Belt Louisiana
74%
SEC Mississippi St
74%
SEC Missouri
74%
Big Sky Montana St
74%
Patriot League Navy
74%
Mountain West New Mexico
74%
C-USA New Mexico St
74%
ACC Notre Dame
74%
ACC Pittsburgh
74%
WCC Santa Clara
74%
Summit League South Dakota
74%
American South Florida
74%
Mountain West Utah St
74%
SEC Vanderbilt
74%
America East Vermont
74%
Big East Villanova
74%
Big 12 West Virginia
74%
Big East Xavier
74%
MAC Akron
68%
SEC Auburn
68%
Mountain West Boise St
68%
ACC Boston College
68%
MAC Central Michigan
68%
Horizon Cleveland St
68%
Atlantic 10 Dayton
68%
Big East DePaul
68%
MEAC Howard
68%
Big 12 Kansas St
68%
America East New Hampshire
68%
Big 12 Oklahoma St
68%
Big Ten Penn St
68%
Big East Providence
68%
Atlantic 10 Rhode Island
68%
WCC San Diego
68%
ACC Syracuse
68%
MAC Toledo
68%
Mountain West UNLV
68%
Big Ten USC
68%
WCC Washington St
68%
Sun Belt Arkansas St
63%
MAC Bowling Green
63%
MAC Buffalo
63%
Big East Butler
63%
MAC Eastern Michigan
63%
Sun Belt Georgia Southern
63%
Sun Belt Georgia St
63%
Missouri Valley Indiana St
63%
Patriot League Lehigh
63%
ACC Louisville
63%
Big East Marquette
63%
American Memphis
63%
MAC Miami (OH)
63%
Big Ten Northwestern
63%
Horizon Oakland
63%
WCC Portland
63%
Big Ten Rutgers
63%
Big Sky Sacramento St
63%
WCC San Francisco
63%
American Tulane
63%
American Tulsa
63%
Big 12 UCF
63%
Atlantic 10 UMass
63%
America East UMBC
63%
MAC Western Michigan
63%
SWAC Alabama A&M
58%
SWAC Alabama St
58%
America East Albany
58%
Patriot League American
58%
MAC Ball St
58%
Big 12 Cincinnati
58%
American East Carolina
58%
Southern Furman
58%
Mountain West Grand Canyon
58%
Atlantic Sun Jacksonville
58%
Atlantic 10 Loyola Chicago
58%
C-USA Missouri St
58%
Summit League North Dakota St
58%
Big Sky Northern Arizona
58%
Missouri Valley Northern Iowa
58%
American North Texas
58%
Summit League Omaha
58%
Atlantic 10 Richmond
58%
MAAC Saint Peter's
58%
Mountain West San Diego St
58%
WAC Seattle
58%
MAAC Siena
58%
ACC SMU
58%
Summit League South Dakota St
58%
Sun Belt Troy
58%
American UAB
58%
C-USA UTEP
58%
American Charlotte
53%
Big East Creighton
53%
Summit League Denver
53%
Atlantic Sun Eastern Kentucky
53%
C-USA FIU
53%
SWAC Florida A&M
53%
Missouri Valley Illinois St
53%
C-USA Jacksonville St
53%
Sun Belt James Madison
53%
MAC Kent St
53%
C-USA Louisiana Tech
53%
Sun Belt Marshall
53%
C-USA Middle Tennessee
53%
MAC Northern Illinois
53%
Big Sky Portland St
53%
Sun Belt Texas St
53%
Big West UC Irvine
53%
CAA UNC Wilmington
53%
WAC Utah Valley
53%
American UTSA
53%
C-USA Western Kentucky
53%
American Wichita St
53%
Horizon Wright St
53%
CAA Campbell
47%
Southern Chattanooga
47%
Atlantic 10 Davidson
47%
CAA Delaware
47%
Big Sky Eastern Washington
47%
American FAU
47%
Atlantic Sun FGCU
47%
Atlantic 10 George Mason
47%
Horizon Green Bay
47%
CAA Hofstra
47%
Patriot League Holy Cross
47%
SWAC Jackson St
47%
C-USA Kennesaw St
47%
C-USA Liberty
47%
Northeast LIU
47%
Sun Belt Louisiana-Monroe
47%
Patriot League Loyola Maryland
47%
Southland McNeese
47%
CAA Northeastern
47%
Big Sky Northern Colorado
47%
SWAC Prairie View A&M
47%
American Rice
47%
Atlantic 10 Saint Joseph's
47%
Sun Belt South Alabama
47%
MEAC South Carolina St
47%
Atlantic 10 St. Bonaventure
47%
American Temple
47%
Ohio Valley Tennessee Tech
47%
Big West UC Davis
47%
Big West UC Riverside
47%
Southern UNC Greensboro
47%
Sun Belt Appalachian St
42%
Missouri Valley Belmont
42%
Patriot League Boston University
42%
Big West Cal Poly
42%
CAA Charleston
42%
Northeast Chicago St
42%
Sun Belt Coastal Carolina
42%
Patriot League Colgate
42%
Missouri Valley Drake
42%
CAA Drexel
42%
Atlantic 10 Fordham
42%
Mountain West Fresno St
42%
Patriot League Lafayette
42%
WCC Loyola Marymount
42%
MAAC Mount St. Mary's
42%
America East NJIT
42%
MEAC Norfolk St
42%
Atlantic Sun Queens
42%
Mountain West San Jose St
42%
Big East Seton Hall
42%
Northeast St. Francis
42%
Summit League St. Thomas
42%
Southern The Citadel
42%
Big West UC Santa Barbara
42%
Big South UNC Asheville
42%
Horizon Youngstown St
42%
Atlantic Sun Austin Peay
37%
Northeast Central Connecticut
37%
MEAC Delaware St
37%
Horizon Detroit Mercy
37%
Atlantic 10 Duquesne
37%
CAA Elon
37%
Atlantic Sun Lipscomb
37%
Northeast Mercyhurst
37%
MAAC Merrimack
37%
Horizon Milwaukee
37%
Ohio Valley Morehead St
37%
Southland New Orleans
37%
Atlantic Sun North Alabama
37%
Atlantic Sun North Florida
37%
WCC Pacific
37%
MAAC Quinnipiac
37%
Horizon Robert Morris
37%
Missouri Valley Southern Illinois
37%
Ohio Valley Southern Indiana
37%
WAC Southern Utah
37%
Southland Stephen F. Austin
37%
Atlantic Sun Stetson
37%
SWAC Texas Southern
37%
America East UMass Lowell
37%
Ohio Valley UT Martin
37%
Missouri Valley Valparaiso
37%
Northeast Wagner
37%
SWAC Alcorn St
32%
America East Binghamton
32%
Missouri Valley Bradley
32%
Patriot League Bucknell
32%
WAC California Baptist
32%
MAAC Fairfield
32%
Northeast Fairleigh Dickinson
32%
SWAC Grambling St
32%
Southland Houston Christian
32%
MAAC Iona
32%
Summit League Kansas City
32%
Southland Lamar
32%
Atlantic 10 La Salle
32%
Northeast Le Moyne
32%
Big West Long Beach St
32%
Big South Longwood
32%
Southern Mercer
32%
CAA Monmouth
32%
Missouri Valley Murray St
32%
CAA North Carolina A&T
32%
Horizon Northern Kentucky
32%
Sun Belt Old Dominion
32%
Summit League Oral Roberts
32%
WCC Pepperdine
32%
Horizon Purdue Fort Wayne
32%
Sun Belt Southern Miss
32%
CAA Stony Brook
32%
Southland Texas A&M-Corpus Christi
32%
CAA Towson
32%
Big West UC San Diego
32%
WAC Utah Tech
32%
Southern VMI
32%
Big Sky Weber St
32%
Southern Western Carolina
32%
Ohio Valley Western Illinois
32%
Southern Wofford
32%
WAC Abilene Christian
26%
SWAC Arkansas-Pine Bluff
26%
SWAC Bethune-Cookman
26%
America East Bryant
26%
MAAC Canisius
26%
Ohio Valley Eastern Illinois
26%
Missouri Valley Evansville
26%
Big South Gardner-Webb
26%
MAAC Marist
26%
SWAC Mississippi Valley St
26%
MEAC NC Central
26%
MAAC Niagara
26%
Big South Radford
26%
MAAC Sacred Heart
26%
Southern Samford
26%
Ohio Valley SIU Edwardsville
26%
Ohio Valley Southeast Missouri St
26%
Northeast Stonehill
26%
Missouri Valley UIC
26%
Big South Winthrop
26%
Atlantic Sun Bellarmine
21%
Big West Cal St Northridge
21%
Atlantic Sun Central Arkansas
21%
Big South Charleston Southern
21%
MEAC Coppin St
21%
Southern East Tennessee St
21%
Southland East Texas A&M
21%
CAA Hampton
21%
Southland Incarnate Word
21%
Horizon IU Indianapolis
21%
Ohio Valley Lindenwood
21%
Ohio Valley Little Rock
21%
MAAC Manhattan
21%
MEAC Morgan St
21%
Northeast New Haven
21%
Southland Nicholls
21%
Southland Northwestern St
21%
Big South Presbyterian
21%
MAAC Rider
21%
Southland SE Louisiana
21%
WAC Tarleton St
21%
Atlantic Sun West Georgia
21%
CAA William & Mary
21%
Big West Cal St Fullerton
16%
Big South USC Upstate
16%
Southland UTRGV
16%
Big West Cal St Bakersfield
11%
MEAC UMES
11%
WAC UT Arlington
11%
No matching quizzes found
Score Distribution
Percent of People with Each Score
Percentile by Number Answered
Your Score History
You have not taken this quiz since the last reset